000 00321nam a2200133Ia 4500
005 20251222155048.0
008 251222s9999||||xx |||||||||||||| ||spa||
082 _aEDUM.104
100 _aWAYNE C. BOOTH
245 0 _aCómo convertirse en un hábil investigador
250 _a1ra. ed.
264 _bGedisa
942 _cLIB
999 _c37190
_d37190